International economic integration and Asia (Record no. 120139)
[ view plain ]
| 000 -LEADER | |
|---|---|
| fixed length control field | 02578nam a2200397 a 4500 |
| 082 04 - DEWEY DECIMAL CLASSIFICATION NUMBER | |
| Classification number | 337.1/5 |
| 245 00 - TITLE STATEMENT | |
| Title | International economic integration and Asia |
| 260 ## - PUBLICATION, DISTRIBUTION, ETC. (IMPRINT) | |
| Place of publication | New Jersey : |
| Name of publisher | World Scientific, |
| Year of publication | c2006. |
| 300 ## - PHYSICAL DESCRIPTION | |
| Number of Pages | xxi, 364 p. : |
| Other physical details | ill. |
| 490 1# - SERIES STATEMENT | |
| Series statement | Advanced research in Asian economic studies, |
| 505 0# - FORMATTED CONTENTS NOTE | |
| Formatted contents note | East Asian economic regionalism : progress and challenges / Masahiro Kawai -- Sequencing regional integration in Asia / Richard Pomfret -- ASEAN+3 : is an economic community in their future? / James Angresano -- Stock market performance in ASEAN : is institutional integration warranted? / Reid W. Click and Michael G. Plummer -- The institution of a single currency area : lessons for Asia from the European Monetary Union / Sergio Rossi -- Deep integration and its impacts on non-members : EU enlargement and East Asia / Hiro Lee and Dominique van der Mensbrugghe -- Small change : a critical examination of the economic relationship between South Asia and the European Union / Jonathon W. Moses and Maggi Brigham -- The effects of North-South regional trade policies : a comparison of Mediterranean countries with ASEAN / Nicolas Peridy -- Reconciling the tensions between regional integration and cohesion / Mary Farrell -- Lessons for Asia? Legitimacy and quasi-democratic mechanisms in European and American market integration / Craig Parsons and J. David Richardson. |
| 650 #0 - SUBJECT ADDED ENTRY--TOPICAL TERM | |
| Topical Term | International economic integration. |
| 700 1# - ADDED ENTRY--PERSONAL NAME | |
| Personal name | Plummer, Michael G., |
| Personal name | Jones, Erik. |
| 856 40 - ELECTRONIC LOCATION AND ACCESS | |
| Uniform Resource Identifier | http://site.ebrary.com/lib/rucke/Doc?id=10201430 |
No items available.
